书目信息 |
| 题名: |
配合饲料质量控制与鉴别
|
|
| 作者: | 郭金玲 , 唐桂芬 , 程伟 编著 | |
| 分册: | ||
| 出版信息: | 北京 金盾出版社 2009.02 |
|
| 页数: | 274页, [4] 页图版 | |
| 开本: | 19cm | |
| 丛书名: | ||
| 单 册: | ||
| 中图分类: | S816.8 | |
| 科图分类: | ||
| 主题词: | 配合饲料--质量控制 | |
| 电子资源: | ||
| ISBN: | 978-7-5082-4381-8 | |
| 000 | 00931nam0 2200253 450 | |
| 001 | 2334707295 | |
| 005 | 20231212093856.48 | |
| 010 | @a978-7-5082-4381-8@d14.00CNY | |
| 100 | @a20080815d2009 ekmy0chiy50 ea | |
| 101 | 0 | @achi |
| 102 | @aCN@b110000 | |
| 105 | @aafk z 000yy | |
| 200 | 1 | @a配合饲料质量控制与鉴别@Apei he si liao zhi liang kong zhi yu jian bie@f编著者郭金玲 ... [等] |
| 210 | @a北京@c金盾出版社@d2009.02 | |
| 215 | @a274页, [4] 页图版@c图 (部分彩图)@d19cm | |
| 304 | @a题名页题: 编著者郭金玲, 唐桂芬, 程伟, 李琰 | |
| 330 | @a本书内容包括: 饲料营养与检验基本知识, 配合饲料常用原料的质量控制, 饲料添加剂的质量控制, 配合饲料生产过程的质量控制, 配合饲料产品的质量控制。 | |
| 606 | 0 | @a配合饲料@x质量控制 |
| 690 | @aS816.8@v5 | |
| 701 | 0 | @a郭金玲@Aguo jin ling@4编著 |
| 701 | 0 | @a唐桂芬@Atang gui fen@4编著 |
| 701 | 0 | @a程伟@Acheng wei@4编著 |
| 801 | 0 | @aCN@b湖北三新@c20091021 |
| 905 | @aBZT@dS816.8@e91 | |
| 配合饲料质量控制与鉴别/编著者郭金玲 ... [等].-北京:金盾出版社,2009.02 |
| 274页, [4] 页图版:图 (部分彩图);19cm |
| ISBN 978-7-5082-4381-8:14.00CNY |
| 本书内容包括: 饲料营养与检验基本知识, 配合饲料常用原料的质量控制, 饲料添加剂的质量控制, 配合饲料生产过程的质量控制, 配合饲料产品的质量控制。 |
| ● |
| 相关链接 |
|
|
|
正题名:配合饲料质量控制与鉴别
索取号:S816.8/91
 
预约/预借
| 序号 | 登录号 | 条形码 | 馆藏地/架位号 | 状态 | 备注 |
| 1 | 2001594648 | 2001594648 | 辽三/辽宁北配(第三批)/2071/ [索取号:S816.8/91] | 在馆 | |
| 2 | 2001594649 | 2001594649 | 辽三/辽宁北配(第三批)/2071/ [索取号:S816.8/91] | 在馆 | |
| 3 | 2001594650 | 2001594650 | 辽三/辽宁北配(第三批)/2071/ [索取号:S816.8/91] | 在馆 | |
| 4 | 2001594651 | 2001594651 | 辽三/辽宁北配(第三批)/2071/ [索取号:S816.8/91] | 在馆 | |
| 5 | 2001594652 | 2001594652 | 辽三/辽宁北配(第三批)/2071/ [索取号:S816.8/91] | 在馆 | |
| 6 | 2001594653 | 2001594653 | 辽三/辽宁北配(第三批)/2071/ [索取号:S816.8/91] | 在馆 | |
| 7 | 2001594654 | 2001594654 | 辽三/辽宁北配(第三批)/2071/ [索取号:S816.8/91] | 在馆 | |
| 8 | 2001594655 | 2001594655 | 辽三/辽宁北配(第三批)/2071/ [索取号:S816.8/91] | 在馆 | |
| 9 | 2001594656 | 2001594656 | 辽三/辽宁北配(第三批)/2071/ [索取号:S816.8/91] | 在馆 | |
| 10 | 2001594657 | 2001594657 | 辽三/辽宁北配(第三批)/2071/ [索取号:S816.8/91] | 在馆 | |
| 11 | 2001594658 | 2001594658 | 辽三/辽宁北配(第三批)/2071/ [索取号:S816.8/91] | 在馆 | |
| 12 | 2001594659 | 2001594659 | 辽三/辽宁北配(第三批)/2071/ [索取号:S816.8/91] | 在馆 | |
| 13 | 2001594660 | 2001594660 | 辽三/辽宁北配(第三批)/2071/ [索取号:S816.8/91] | 在馆 | |
| 14 | 2001594661 | 2001594661 | 辽三/辽宁北配(第三批)/2071/ [索取号:S816.8/91] | 在馆 | |
| 15 | 2001594662 | 2001594662 | 辽三/辽宁北配(第三批)/2071/ [索取号:S816.8/91] | 在馆 | |
| 16 | 2001594663 | 2001594663 | 辽三/辽宁北配(第三批)/2071/ [索取号:S816.8/91] | 在馆 | |
| 17 | 2001594664 | 2001594664 | 辽三/辽宁北配(第三批)/2071/ [索取号:S816.8/91] | 在馆 | |
| 18 | 2001594665 | 2001594665 | 辽三/辽宁北配(第三批)/2071/ [索取号:S816.8/91] | 在馆 | |
| 19 | 2001594666 | 2001594666 | 辽三/辽宁北配(第三批)/2071/ [索取号:S816.8/91] | 在馆 | |
| 20 | 2001594667 | 2001594667 | 辽三/辽宁北配(第三批)/2071/ [索取号:S816.8/91] | 在馆 | |
| 21 | 2001594668 | 2001594668 | 辽三/辽宁北配(第三批)/2071/ [索取号:S816.8/91] | 在馆 | |
| 22 | 2001594669 | 2001594669 | 辽三/辽宁北配(第三批)/2071/ [索取号:S816.8/91] | 在馆 | |
| 23 | 2001594670 | 2001594670 | 辽三/辽宁北配(第三批)/2071/ [索取号:S816.8/91] | 在馆 | |
| 24 | 2001594671 | 2001594671 | 辽三/辽宁北配(第三批)/2071/ [索取号:S816.8/91] | 在馆 | |
| 25 | 2001594672 | 2001594672 | 辽三/辽宁北配(第三批)/2071/ [索取号:S816.8/91] | 在馆 | |
| 26 | 2001594673 | 2001594673 | 辽三/辽宁北配(第三批)/2071/ [索取号:S816.8/91] | 在馆 | |
| 27 | 2001594674 | 2001594674 | 辽三/辽宁北配(第三批)/2071/ [索取号:S816.8/91] | 在馆 | |
| 28 | 2001594675 | 2001594675 | 辽三/辽宁北配(第三批)/2071/ [索取号:S816.8/91] | 在馆 | |
| 29 | 2001594676 | 2001594676 | 辽三/辽宁北配(第三批)/2071/ [索取号:S816.8/91] | 在馆 | |
| 30 | 2001594677 | 2001594677 | 辽三/辽宁北配(第三批)/2071/ [索取号:S816.8/91] | 在馆 |